[Event "VII Malaga Open"]
[Site "Campillos ESP"]
[Date "2004.02.24"]
[Round "5"]
[White "Saldano,H"]
[Black "Bolle,L"]
[Result "1-0"]
[WhiteElo "2424"]
[BlackElo "2042"]

1.e4 c5 2.Nf3 d6 3.d4 cxd4 4.Nxd4 Nf6 5.Nc3 a6 6.g3 e5 7.Nde2 Be7 8.Bg2 Nbd7
9.O-O O-O 10.h3 Qc7 11.g4 h6 12.Ng3 Nb6 13.a4 Be6 14.Nf5 Bxf5 15.exf5 Rac8
16.a5 Nc4 17.Nd5 Nxd5 18.Qxd5 b5 19.axb6 Nxb6 20.Qb3 Bg5 21.Bxg5 hxg5 22.Rxa6 Rb8
23.Qe3 f6 24.b3 d5 25.Rfa1 Kh7 26.h4 gxh4 27.Qh3 Rh8 28.Rxb6 e4 29.Qxh4+ Kg8
30.Rxb8+ Qxb8 31.Qg3 Qb6 32.Ra8+  1-0

[Event "5th Montenegro Open"]
[Site "Sozina SCG"]
[Date "2004.02.25"]
[Round "8"]
[White "Damljanovic,B"]
[Black "Perunovic,Mil"]
[Result "1-0"]
[WhiteElo "2575"]
[BlackElo "2550"]

1.e4 c5 2.Nf3 d6 3.d4 cxd4 4.Nxd4 Nf6 5.Nc3 a6 6.g3 e5 7.Nde2 Nbd7 8.Bg2 b5
9.O-O Bb7 10.a4 bxa4 11.Nd5 Nxd5 12.exd5 Be7 13.Nc3 O-O 14.Nxa4 Rc8 15.b3 f5
16.c4 e4 17.f4 exf3 18.Bxf3 Ne5 19.Be3 Bg5 20.Qd2 h6 21.Rae1 Qf6 22.Bd1 Bxe3+
23.Qxe3 Rce8 24.Qd2 Qg5 25.Qxg5 hxg5 26.Nb6 a5 27.Rxe5 dxe5 28.Nd7 e4 29.Bh5 e3
30.Nxf8 Rxf8 31.Re1 f4 32.Bf3 Rc8 33.Ra1 Rc5 34.h4 gxh4 35.gxf4 Kf7 36.Kf1 Bc8
37.Ke2 Bf5 38.Kxe3 Bc2 39.Kd4 Rc8 40.Rxa5 Bxb3 41.c5 h3 42.Ra1 h2 43.Rh1 Rh8
44.c6 Rh3 45.c7  1-0

[Event "20th Open"]
[Site "Cappelle la Grande FRA"]
[Date "2004.03.02"]
[Round "5"]
[White "Shalnev,N"]
[Black "Santos,AP"]
[Result "1/2-1/2"]
[WhiteElo "2553"]
[BlackElo "2283"]

1.e4 c5 2.Nf3 d6 3.d4 cxd4 4.Nxd4 Nf6 5.Nc3 a6 6.g3 e5 7.Nde2 Be7 8.Bg2 Nbd7
9.O-O b5 10.Nd5 Nxd5 11.Qxd5 Qc7 12.Be3 Bb7 13.Qd2 O-O 14.Nc3 Nf6 15.h3 Rac8
16.Rfc1 Qc4 17.Qd3 b4 18.Nd5 Nxd5 19.exd5 Qxd3 20.cxd3  1/2-1/2

[Event "70th ch-BLR"]
[Site "Minsk BLR"]
[Date "2004.03.14"]
[Round "11"]
[White "Kupreichik,V"]
[Black "Tihonov,J"]
[Result "1/2-1/2"]
[WhiteElo "2464"]
[BlackElo "2443"]

1.e4 c5 2.Nf3 d6 3.d4 cxd4 4.Nxd4 Nf6 5.Nc3 a6 6.g3 e5 7.Nb3 Be7 8.Bg2 O-O
9.O-O Nbd7 10.Re1 b5 11.Bd2 Nb6 12.Nd5 Nfxd5 13.exd5 Nc4 14.Bc3 a5 15.a3 Bb7
16.Nd2 Nb6 17.Nf1 Na4 18.Rb1 Nxc3 19.bxc3 Ba6 20.Ne3 Qd7 21.Bf1 Rfc8 22.Qd2 Rc5
23.Bd3 g6 24.Qe2 a4 25.c4 bxc4 26.Nxc4 Bxc4 27.Bxc4 Qc7 28.Rb4 Rc8 29.Bd3 f5
30.Ba6 Rxc2 31.Qf1 Rb8 32.Rxb8+ Qxb8 33.Rb1 Qa7 34.Bd3 Rd2 35.Rd1 Rb2 36.Rb1 Qd4
37.Rxb2 Qxb2 38.Qd1 e4 39.Bc2 Bd8 40.Bxa4 Bb6 41.Qc2 Qd4 42.Kg2 Kg7 43.Bb3 g5
44.Qe2 h5 45.Bd1 f4 46.gxf4 gxf4 47.f3 e3 48.Bc2 Qxd5 49.Qd3 Qg5+ 50.Kf1 Bc5
51.Qh7+ Kf6 52.Qh8+ Ke7 53.Qh7+ Kd8 54.Bf5 e2+ 55.Kxe2 Qg2+ 56.Kd3 Qf1+ 57.Kc3 Qc1+
58.Kd3 Qxa3+ 59.Kc4 Qa2+ 60.Kc3 Qa5+ 61.Kc4 Qa2+ 62.Kc3 Qa1+ 63.Kc4 Qf1+
64.Kd5 Qxf3+ 65.Be4 Qb3+ 66.Kc6 Qa4+ 67.Kd5 Qa8+ 68.Ke6 Qc8+ 69.Kd5 Qa8+
70.Ke6 Qa2+ 71.Bd5 Qe2+ 72.Be4 Qg4+ 73.Bf5 Qe2+  1/2-1/2

[Event "TCh-AUT 2003-4"]
[Site "Jenbach AUT"]
[Date "2004.03.18"]
[Round "8"]
[White "Atlas,V"]
[Black "Kosten,A"]
[Result "1/2-1/2"]
[WhiteElo "2471"]
[BlackElo "2507"]

1.e4 c5 2.Nf3 d6 3.d4 Nf6 4.Nc3 cxd4 5.Nxd4 a6 6.g3 e5 7.Nb3 Nbd7 8.Bg2 b5
9.O-O Be7 10.Nd5 Nxd5 11.exd5 a5 12.a4 b4 13.Bd2 Bg5 14.f4 Bf6 15.c3 bxc3
16.Bxc3 O-O 17.Kh1 Qb6 18.f5 Re8 19.Rb1  1/2-1/2

[Event "IV Open"]
[Site "Dos Hermanas ESP"]
[Date "2004.03.27"]
[Round "3"]
[White "Lopez Martinez,J"]
[Black "Cheparinov,I"]
[Result "0-1"]
[WhiteElo "2440"]
[BlackElo "2550"]

1.e4 c5 2.Nf3 d6 3.d4 cxd4 4.Nxd4 Nf6 5.Nc3 a6 6.g3 e5 7.Nb3 Be7 8.Bg2 O-O
9.O-O Be6 10.Re1 b5 11.Bd2 Nbd7 12.Nd5 Bxd5 13.exd5 a5 14.a4 b4 15.c3 bxc3
16.Bxc3 Qb6 17.Ra3 Rfc8 18.Nd2 Qa7 19.Ne4 Nxe4 20.Bxe4 Nc5 21.Bf5 Rcb8 22.Bh3 Rb7
23.Bf1 f5 24.Bb5 Rf8 25.Kg2 e4 26.Bd4 Bf6 27.Bxc5 Qxc5 28.Rb3 Bd4 29.Re2 Rbf7
30.Rd2 Be5 31.f4 exf3+ 32.Rxf3 g6 33.Rc2 Qb6 34.Qd2 f4 35.gxf4 Rxf4 36.Rxf4 Rxf4
37.Bd7 Kf7 38.Qd3 Qd8 39.Bh3 Qg5+ 40.Kh1 Rxa4 41.Qf1+ Rf4 42.Qc1 Qh4 43.Rc7+ Kf6
44.Rc3 Rf2 45.Kg1 Bd4  0-1

[Event "Rapid"]
[Site "Beer Sheva ISR"]
[Date "2004.04.19"]
[Round "4"]
[White "Tyomkin,D"]
[Black "Dvoirys,S"]
[Result "1-0"]
[WhiteElo "2503"]
[BlackElo "2612"]

1.e4 c5 2.Nf3 d6 3.d4 cxd4 4.Nxd4 Nf6 5.Nc3 a6 6.g3 e5 7.Nb3 Nbd7 8.a4 b6
9.Bg2 Bb7 10.O-O Rc8 11.Re1 Be7 12.Nd2 O-O 13.Nf1 Nc5 14.Bg5 Ne6 15.Bxf6 Bxf6
16.Ne3 g6 17.Ncd5 Bg7 18.c3 b5 19.axb5 axb5 20.Qe2 Bc6 21.Ra7 Re8 22.Nb4 Bd7
23.Rd1 Bf8 24.Ned5 Kg7 25.h4 Nc5 26.h5 Rb8 27.Rda1 Qg5 28.hxg6 hxg6 29.Na6 Nxa6
30.Rxd7 Nc5 31.Rda7 Red8 32.Bh3 Kg8 33.Qf3 Rb7 34.Rxb7 Nxb7 35.Ra7 Rb8 36.Nf6+ Kg7
37.Nd7 Qd8 38.b4 Be7 39.Qd3  1-0

[Event "ch-UKR Women"]
[Site "ALushta UKR"]
[Date "2004.05.04"]
[Round "1"]
[White "Vozovic,O"]
[Black "Mamonova,Y"]
[Result "1-0"]
[WhiteElo "2313"]
[BlackElo "2119"]

1.e4 c5 2.Nf3 d6 3.d4 cxd4 4.Nxd4 Nf6 5.Nc3 a6 6.g3 e5 7.Nde2 h6 8.a4 Be7
9.Bg2 Be6 10.O-O Qd7 11.Re1 Bh3 12.Bh1 Nc6 13.Nd5 Nxd5 14.exd5 Na5 15.Bd2 b6
16.b3 O-O 17.c4 Rac8 18.Be3 Qc7 19.Rc1 Bd7 20.Bg2 f5 21.f4 Qb8 22.Qd3 e4
23.Qc3 Bf6 24.Qb4 Bd8 25.Nd4 Nb7 26.Bf1 Nc5 27.Red1 Kh7 28.Qa3 Rf6 29.Rc2 Qb7
30.Rcd2 Be7 31.Rb1 Ra8 32.Qb4 Qc7 33.Ra1 a5 34.Qc3 Na6 35.Rg2 Nb4 36.Qd2 Rg8
37.Be2 Rff8 38.Rf1 Bf6 39.Kh1 Na6 40.Nb5 Bxb5 41.axb5 Nc5 42.Qc2 Ra8 43.g4 g6
44.Rfg1 Qf7 45.h4  1-0

[Event "ch-UKR Women"]
[Site "ALushta UKR"]
[Date "2004.05.06"]
[Round "3"]
[White "Zdebskaja,N"]
[Black "Yakivchik,M"]
[Result "1-0"]
[WhiteElo "2351"]
[BlackElo "2248"]

1.e4 c5 2.Nf3 d6 3.d4 cxd4 4.Nxd4 Nf6 5.Nc3 a6 6.g3 e6 7.Bg2 Be7 8.O-O Nc6
9.Re1 O-O 10.Nxc6 bxc6 11.e5 Nd5 12.exd6 Qxd6 13.Ne4 Qc7 14.a3 e5 15.c4 Nf6
16.Qf3 Bb7 17.Bd2 Rab8 18.Nxf6+ Bxf6 19.c5 Bc8 20.Qxc6 Qa7 21.b4 Bb7 22.Qa4 Bxg2
23.Kxg2 Qa8+ 24.Kg1 h5 25.Qc2 Qd5 26.Rad1 Qf3 27.Re3 Qg4 28.Rde1 h4 29.Qe4 Qc8
30.Bc3 a5 31.gxh4 Qe6 32.Rg3 Rfd8 33.h5 Kh8 34.Kh1 Rd5 35.Reg1 Qc6 36.Qg2 Rg8
37.h6 g6 38.Rd3 Rgd8 39.Rgd1 Rxd3 40.Qxc6 Rxd1+ 41.Kg2 Bg5 42.Qc7 Kg8 43.Qxe5 f6
44.Qe6+ Kh7 45.c6 Bf4 46.Qxf6  1-0

[Event "ch-UKR Women"]
[Site "ALushta UKR"]
[Date "2004.05.12"]
[Round "9"]
[White "Zdebskaja,N"]
[Black "Shliahtich,G"]
[Result "1-0"]
[WhiteElo "2351"]
[BlackElo "2197"]

1.e4 c5 2.Nf3 d6 3.d4 cxd4 4.Nxd4 Nf6 5.Nc3 a6 6.g3 e5 7.Nde2 b5 8.Bg2 Bb7
9.a4 b4 10.Nd5 Nxd5 11.exd5 a5 12.O-O g6 13.f4 Bg7 14.f5 Nd7 15.g4 Bf6 16.Ng3 Nc5
17.Be3 Bh4 18.Qf3 Qc7 19.g5 Bxg3 20.Qxg3 O-O-O 21.fxg6 fxg6 22.Rf6 Rhf8 23.Raf1 Rxf6
24.gxf6 Kb8 25.f7 Nd7 26.Bg5 Rc8 27.Bh3 Qc5+ 28.Be3 Qxd5 29.Bxd7 Qh1+ 30.Kf2 Rxc2+
31.Ke1 Qe4 32.f8=Q+ Kc7 33.Bb5  1-0

[Event "TCh-SCG"]
[Site "Petrovac SCG"]
[Date "2004.05.18"]
[Round "3"]
[White "Popovic,Pe"]
[Black "Stankovic,Milo"]
[Result "1-0"]
[WhiteElo "2502"]
[BlackElo "2111"]

1.e4 c5 2.Nf3 d6 3.d4 cxd4 4.Nxd4 Nf6 5.Nc3 a6 6.g3 e5 7.Nb3 Nbd7 8.a4 b6
9.Bg2 Bb7 10.O-O Rc8 11.Re1 Be7 12.Nd2 Rc5 13.Nf1 Qa8 14.Qd3 O-O 15.Ne3 g6
16.f3 Rfc8 17.Bh3 R8c7 18.Bd2 d5 19.exd5 Nxd5 20.Ncxd5 Bxd5 21.b4 e4 22.Nxd5 Rxd5
23.Qxe4 Nf6 24.Qe2 Bd6 25.c3 Be5 26.Rac1 Qd8 27.Rc2 b5 28.axb5 axb5 29.Bf1 Qd7
30.Kg2 Qf5 31.Rcc1 h5 32.Qf2 h4 33.Re2 Rcd7 34.Be3 Nh5 35.f4 Bf6 36.Qf3 hxg3
37.hxg3 Qe6 38.Bf2 Qf5 39.Be3 Qe6 40.g4 Ng7 41.Bf2 Qc6 42.Kh2 Rh5+ 43.Kg3 Rhd5
44.Bg2 g5 45.Rd1 gxf4+ 46.Kh2 Rh5+ 47.gxh5 Qxf3 48.Bxf3 Rxd1 49.h6 Rd3 50.Be4 Rxc3
51.hxg7 Kxg7 52.Bc5 Rc4 53.Rg2+ Kh6 54.Bf8+  1-0

[Event "ch-VSF"]
[Site "Bilzen BEL"]
[Date "2004.05.22"]
[Round "3"]
[White "Van Herck,M"]
[Black "Barbier,W"]
[Result "1/2-1/2"]
[WhiteElo "2216"]
[BlackElo "2185"]

1.e4 c5 2.Nf3 d6 3.d4 cxd4 4.Nxd4 Nf6 5.Nc3 a6 6.g3 g6 7.Bg2 Bg7 8.O-O O-O
9.b3 Bg4 10.Qd2 Nc6 11.Bb2 Qa5 12.Nxc6 bxc6 13.h3 Be6 14.Rfd1 Qh5 15.Qe2 Rac8
16.Qxh5 Nxh5 17.Na4 Bxb2 18.Nxb2 c5 19.Bf1 Ra8 20.Kg2 f5 21.Re1 fxe4 22.Rxe4 Bd5
23.Bc4 Bxc4 24.Rxc4 Nf6 25.f4 Nd5 26.Re4 Rf7 27.c4 Nb4 28.Na4 Nc2 29.Rf1 Raf8
30.h4 e5 31.Nc3 exf4 32.Rfxf4 Rxf4 33.Rxf4 Rxf4 34.gxf4 Ne3+ 35.Kf3 Nf5 36.Kg4 h5+
37.Kh3 Kf7 38.Nd5 Nd4 39.Kg3 a5 40.Nc3 Ke6 41.Ne4 Nf5+ 42.Kh3 Ne3 43.Kg3 a4
44.bxa4 Nxc4 45.Kf3 Na5 46.Ng3 c4 47.f5+ gxf5 48.Nxh5 Nc6 49.Nf4+ Ke5 50.h5 Kf6
51.h6 Kf7 52.Ke3 Kg8 53.Ne6 Kh7 54.Ng5+ Kxh6 55.Nf7+ Kg6 56.Nxd6 Kf6 57.Nxc4 Ke6
58.a5 Kd5  1/2-1/2

[Event "57th ch-RUS Qualifier"]
[Site "Tomsk RUS"]
[Date "2004.05.23"]
[Round "1"]
[White "Dvoirys,S"]
[Black "Khismatullin,D"]
[Result "0-1"]
[WhiteElo "2612"]
[BlackElo "2537"]

1.e4 c5 2.Nf3 d6 3.d4 cxd4 4.Nxd4 Nf6 5.Nc3 a6 6.g3 e5 7.Nb3 Be7 8.Bg2 O-O
9.O-O Nbd7 10.a4 b6 11.Re1 Bb7 12.Bg5 Rc8 13.Nd2 h6 14.Bxf6 Nxf6 15.Nf1 Rc5
16.Ne3 g6 17.Qd3 Qc7 18.Ra3 Qc8 19.Rb3 Qc7 20.Na2 Ra5 21.Nc3 Rc5 22.Rb4 Rd8
23.Ra1 Bf8 24.h4 h5 25.Rd1 Rc8 26.Rb3 Rd8 27.Re1 Bh6 28.Re2 Kg7 29.Rb4 Kh7
30.Rb3 Kg7 31.Bf1 Bxe3 32.Qxe3 Ng4 33.Qc1 d5 34.Bg2 dxe4 35.Nxe4 Rcd5 36.Re1 Rd4
37.Rd3 Rxa4 38.Rxd8 Qxd8 39.Nc3 Bxg2 40.Nxa4 Qd4 41.Qd1 Qd8  0-1

[Event "XII Guillermo Garcia Prem I"]
[Site "Santa Clara CUB"]
[Date "2004.05.26"]
[Round "6"]
[White "Zambrana,O"]
[Black "Lafuente,P"]
[Result "0-1"]
[WhiteElo "2472"]
[BlackElo "2433"]

1.e4 c5 2.Nf3 d6 3.d4 cxd4 4.Nxd4 Nf6 5.Nc3 a6 6.g3 e6 7.Bg2 Bd7 8.O-O Nc6
9.Nce2 Be7 10.c4 O-O 11.Bd2 Qb8 12.b3 Rd8 13.Re1 Be8 14.Nxc6 Bxc6 15.Nd4 Be8
16.Qe2 Nd7 17.Ba5 Rc8 18.Rad1 Qa7 19.Bb4 Qb6 20.Ba3 Qa5 21.Nc2 Qc7 22.Ne3 Rab8
23.e5 Nxe5 24.f4 Nc6 25.f5 Qa5 26.Bxd6 Bxd6 27.Rxd6 Qe5 28.Red1 exf5 29.R6d5 Qe6
30.Rxf5 Ne7 31.Rf2 Bc6 32.Nd5 Bxd5 33.cxd5 Qd6 34.Qf3 Rf8 35.Qf4 Nc8 36.Rc1 Qxf4
37.Rxf4 Nd6 38.Rb4 Rbc8 39.Rxc8 Rxc8 40.Rb6 Rd8 41.Kf2 Kf8 42.Ke3 Ke7 43.Bh3 h5
44.Kd4 g5 45.Ke5 g4 46.Bf1 f6+ 47.Kf4 Rc8 48.Bd3 Rc3 49.Ke3 Rc1 50.Bg6 a5
51.a4 Kd7 52.Kd2 Rh1  0-1

[Event "XII Guillermo Garcia Prem I"]
[Site "Santa Clara CUB"]
[Date "2004.05.26"]
[Round "6"]
[White "Rodriguez Guerrero,E"]
[Black "Quezada,Y"]
[Result "1/2-1/2"]
[WhiteElo "2407"]
[BlackElo "2478"]

1.e4 c5 2.Nf3 d6 3.d4 cxd4 4.Nxd4 Nf6 5.Nc3 a6 6.g3 e5 7.Nb3 Nbd7 8.Bg2 b5
9.O-O Bb7 10.Re1 Be7 11.Bd2 O-O 12.a4 b4 13.Nd5 Nxd5 14.exd5 a5 15.c3 bxc3
16.Bxc3 Qb6 17.Ra3 Bd8 18.Re4 Qa7 19.Be1 f5 20.Rc4 Nf6 21.Ra1 Bb6 22.Rac1 e4
23.Nd4 Bxd5 24.Nb5 Qf7 25.Rc7 Bxc7 26.Rxc7 Bb3 27.Qc1 Qd5 28.Bf1 Rf7 29.Rc3 Qd1
30.Bc4 Qxc1 31.Bxf7+ Kxf7 32.Rxc1 Ra6 33.Nd4 Bxa4 34.Ra1 Bd7 35.Rxa5 Rxa5
36.Bxa5 Nd5 37.b4 Nc3 38.Bc7 Ke7 39.Kf1 Nd5 40.Ba5 Nc3 41.Bc7 g5 42.Ke1 f4
43.Kd2 Nb5 44.Nxb5 Bxb5 45.Bb6 Ke6 46.gxf4 gxf4 47.Bc7 h5 48.Bb8 Kd7 49.Ke1 Ba6
50.Kd2 Kc6 51.Ke1 Bc4 52.Kd2 Kd5 53.Bc7 Ba6 54.Bb8 Kc6 55.Ke1 h4 56.Kd2 h3
57.Ke1 f3 58.Kd2 d5 59.Ba7 Kb5 60.Kc3 Ka4 61.Be3 Bc4 62.Bc5 Bd3 63.Be3 Ka3
64.Bg5 Ka4 65.Be3 Bc4  1/2-1/2

[Event "XVIII Open"]
[Site "Pula CRO"]
[Date "2004.06.23"]
[Round "6"]
[White "Zorko,Ju"]
[Black "Fercec,N"]
[Result "0-1"]
[WhiteElo "2325"]
[BlackElo "2460"]

1.e4 c5 2.Nf3 d6 3.d4 cxd4 4.Nxd4 Nf6 5.Nc3 a6 6.g3 e5 7.Nb3 Nbd7 8.Bg2 b5
9.O-O Be7 10.a4 b4 11.Nd5 Nxd5 12.exd5 a5 13.Bd2 O-O 14.c3 bxc3 15.Bxc3 Qb6
16.Re1 Bd8 17.Nd2 Ba6 18.Bf1 Nf6 19.Bxa6 Qxa6 20.Ne4 Nxe4 21.Rxe4 f5 22.Re1 Bb6
23.Kg2 Rac8 24.Qb3 f4 25.f3 fxg3 26.hxg3 Rxf3 27.Kxf3 Rf8+ 28.Ke4 Qc8 29.Rf1 Qg4+
30.Kd3 Qxg3+ 31.Kc4 Rc8+ 32.Kb5 Qd3+ 33.Kxb6 Rb8+  0-1

[Event "II Young Stars of the World"]
[Site "Kirishi RUS"]
[Date "2004.06.28"]
[Round "10"]
[White "Potapov,P"]
[Black "Sjugirov,S"]
[Result "0-1"]
[WhiteElo "2240"]
[BlackElo "2260"]

1.e4 c5 2.Nf3 d6 3.d4 cxd4 4.Nxd4 Nf6 5.Nc3 a6 6.g3 e5 7.Nde2 b5 8.Bg2 Bb7
9.h3 Be7 10.g4 Nbd7 11.Ng3 Nc5 12.O-O O-O 13.a3 g6 14.f4 exf4 15.Bxf4 Re8
16.Qd2 Ne6 17.Be3 Nd7 18.Rad1 Ne5 19.b3 Rc8 20.Nd5 Bxd5 21.exd5 Nc5 22.Bd4 Ncd7
23.Ne4 Qc7 24.Rc1 Bf8 25.Rf2 Bg7 26.Rcf1 h6 27.Qb4 Bf8 28.Bxe5 Nxe5 29.Nf6+ Kg7
30.Nxe8+ Rxe8 31.a4 Rb8 32.axb5 axb5 33.Ra1 Be7 34.Ra6 Bh4 35.Re2 Rd8 36.Kh1 Qd7
37.Qd4 Qe7 38.Ra1 Kg8 39.Qb6 Qd7 40.Ra5 Qc8 41.Qxb5 Qc3 42.Qa4 Qg3 43.Qe4 Bg5
44.Ra4 h5 45.Kg1 hxg4 46.hxg4 Kg7 47.Kf1 Rh8 48.Re1 Rh4 49.Qe2 Nxg4 50.Re4 Rh1+
51.Bxh1 Nh2+ 52.Qxh2 Qxh2 53.Bg2 f5 54.Rc4 Bh4 55.Re2 Qg3 56.Rd4 Bf6 57.Rd1 g5
58.Rf2 Kg6 59.Rd3 Qe5 60.Re2 Qf4+ 61.Ke1 g4 62.Rde3 Bh4+ 63.Kd1 Qd4+ 64.Rd3 Qa1+
65.Kd2 Bg5+  0-1

[Event "TCh-GRE"]
[Site "Aghia Pelagia GRE"]
[Date "2004.07.04"]
[Round "1"]
[White "Makka,I"]
[Black "Grapsa,G"]
[Result "1-0"]
[WhiteElo "2220"]
[BlackElo "2087"]

1.e4 c5 2.Nf3 d6 3.d4 cxd4 4.Nxd4 Nf6 5.Nc3 a6 6.g3 e5 7.Nb3 Nbd7 8.Bg2 b5
9.Bd2 Bb7 10.a4 b4 11.Nd5 Nxd5 12.exd5 a5 13.c3 Qb6 14.Be3 Nc5 15.c4 g6 16.O-O Rd8
17.Qe2 Bg7 18.f4 O-O 19.fxe5 Rde8 20.Nxc5 dxc5 21.Qf2 Rc8 22.Bf4 Rce8 23.Rfe1 g5
24.Bxg5 Rxe5 25.Qd2 Ba6 26.Rxe5 Bxe5 27.Qe2 Bd4+ 28.Kh1 Qg6 29.Bf4  1-0

[Event "TCh-GRE"]
[Site "Aghia Pelagia GRE"]
[Date "2004.07.05"]
[Round "2"]
[White "Makka,E"]
[Black "Zawadzka,J"]
[Result "0-1"]
[WhiteElo "2093"]
[BlackElo "2272"]

1.e4 c5 2.Nf3 d6 3.d4 cxd4 4.Nxd4 Nf6 5.Nc3 a6 6.g3 e6 7.Bg2 Be7 8.O-O O-O
9.a4 Bd7 10.Be3 Nc6 11.f4 Rc8 12.Nb3 b6 13.Nd2 Qc7 14.Nc4 Rb8 15.Qe2 Rfc8
16.Bf2 b5 17.axb5 axb5 18.Ne3 b4 19.Nb5 Qb6 20.Nxd6 Bxd6 21.e5 Nd4 22.Qd1 Bc5
23.exf6 Bb5 24.c4 bxc3 25.bxc3 Ne2+ 26.Kh1 Bxe3  0-1

[Event "TCh-GRE"]
[Site "Aghia Pelagia GRE"]
[Date "2004.07.08"]
[Round "6"]
[White "Trabert,B"]
[Black "Grapsa,G"]
[Result "1-0"]
[WhiteElo "2312"]
[BlackElo "2087"]

1.e4 c5 2.Nf3 d6 3.d4 cxd4 4.Nxd4 Nf6 5.Nc3 a6 6.g3 e5 7.Nb3 Nbd7 8.Bg2 b5
9.a4 b4 10.Nd5 Nxd5 11.exd5 Be7 12.O-O O-O 13.Bd2 a5 14.c3 bxc3 15.Bxc3 Qb6
16.Ra3 Nc5 17.Nxa5 Rxa5 18.b4 Ra7 19.a5 Qb5 20.bxc5 Qxc5 21.Qa1 Bb7 22.Rc1 Qb5
23.Rb1 Qc4 24.Ra4 Qd3 25.Rd1 Qg6 26.a6 Bc8 27.Bd2 Bg5 28.Bxg5 Qxg5 29.Qa3 Qd8
30.Ra1 f5 31.Qe3 Rff7 32.f4 exf4 33.gxf4 Rfe7 34.Qd4 Qe8 35.Bf1 Rec7 36.R4a2 Qe4
37.Qxe4 fxe4 38.Bb5 Kf7 39.Bc6 Kf6 40.Kf2 Bd7 41.Bxd7 Rxd7 42.Rc1 Kf5 43.Ke3 g5
44.fxg5 Ke5 45.Rc4 Kxd5 46.Rxe4 Re7 47.Ra5+ Kc6 48.Rxe7 Rxe7+ 49.Kd4 Ra7
50.Ra2 Kb6 51.Kd5  1-0

[Event "ch-BEL"]
[Site "Westerlo BEL"]
[Date "2004.07.09"]
[Round "7"]
[White "Saiboulatov,D"]
[Black "Van Beers,E"]
[Result "1/2-1/2"]
[WhiteElo "2390"]
[BlackElo "2406"]

1.e4 c5 2.Nf3 d6 3.d4 cxd4 4.Nxd4 Nf6 5.Nc3 a6 6.g3 e5 7.Nde2 b5 8.Bg2 Bb7
9.h3 Nbd7 10.g4 Nc5 11.Ng3 b4 12.Nd5 Nxd5 13.exd5 g6 14.O-O Bg7 15.Qe1 Qb6
16.a3 a5 17.axb4 axb4 18.Rxa8+ Bxa8 19.b3 O-O 20.Bd2 Na6  1/2-1/2

[Event "Open"]
[Site "Condom FRA"]
[Date "2004.07.13"]
[Round "5"]
[White "Pucher,S"]
[Black "Piceu,T"]
[Result "0-1"]
[WhiteElo "2135"]
[BlackElo "2313"]

1.e4 c5 2.Nf3 d6 3.d4 cxd4 4.Nxd4 Nf6 5.Nc3 a6 6.g3 Nc6 7.Bg2 Bd7 8.O-O g6
9.Nde2 Bg7 10.a4 O-O 11.h3 Rc8 12.Be3 Nb4 13.a5 Be6 14.Nd4 Bc4 15.Re1 e5
16.Nde2 d5 17.Bb6 Qd7 18.exd5 Nbxd5 19.Na4 Qe7 20.b3 Nxb6 21.Nxb6 Rcd8 22.Qc1 Be6
23.Nc3 Qc7 24.Qe3 e4 25.Ra4 Bh6 26.Qxh6 Qxc3 27.Re2 Rd1+ 28.Kh2 Rfd8 29.Nc4 Bd7
30.Ra2 Bb5 31.Re3 Qd4 32.c3 Qc5 33.Nb6 Rb1 34.c4 Bc6 35.Qh4 Kg7 36.Rae2 g5
37.b4 Rxb4  0-1

[Event "9th Open"]
[Site "Creon FRA"]
[Date "2004.08.03"]
[Round "2"]
[White "Jaureguiberry,C"]
[Black "Van der Stricht,G"]
[Result "0-1"]
[WhiteElo "2180"]
[BlackElo "2422"]

1.e4 c5 2.Nf3 d6 3.d4 cxd4 4.Nxd4 Nf6 5.Nc3 a6 6.g3 e5 7.Nde2 Nbd7 8.Bg2 b5
9.h3 Be7 10.g4 b4 11.Nd5 Nxd5 12.exd5 a5 13.Ng3 Ba6 14.Nf5 O-O 15.g5 Nc5
16.Be3 Bxg5 17.Qg4 Bf6 18.Bh6 g6 19.Bxf8 Kxf8 20.Ng3 Bg7 21.h4 f5 22.Qg5 e4
23.Qxd8+ Rxd8 24.O-O-O Na4 25.h5 Bxb2+ 26.Kd2 Bc3+ 27.Ke3 Nb2 28.hxg6 Nxd1+
29.Kf4 Nxf2 30.Rxh7 Bd2+ 31.Kxf5 Bc8+ 32.Kf6 Ng4+  0-1

[Event "Open"]
[Site "Kavala GRE"]
[Date "2004.08.05"]
[Round "7"]
[White "Makka,I"]
[Black "Dobrov,V"]
[Result "0-1"]
[WhiteElo "2220"]
[BlackElo "2495"]

1.e4 c5 2.Nf3 d6 3.d4 cxd4 4.Nxd4 Nf6 5.Nc3 a6 6.g3 e5 7.Nb3 Nbd7 8.a4 b6
9.Bg2 Bb7 10.O-O Be7 11.Re1 O-O 12.Nd2 Rc8 13.Nf1 Rc4 14.Qe2 Rc7 15.g4 g6
16.Ng3 Nc5 17.Bh6 Re8 18.h3 Ne6 19.Qd2 Nd7 20.Be3 Rc6 21.Nd5 Bg5 22.Bxg5 Nxg5
23.c3 a5 24.Qe3 Ne6 25.Bf1 Rc8 26.Rad1 Ndc5 27.Bb5 Bc6 28.Rd2 Nb3 29.Rdd1 Bxb5
30.axb5 Rc5 31.Qd3 Qh4 32.Ne2 Rb8 33.Qg3 Qxg3+ 34.Nxg3 Kf8 35.Ne3 Rd8 36.Rd5 Nf4
37.Rxc5 dxc5 38.Kh2 Rd2 39.Nh1 Rxb2 40.Nc4 Rc2 41.Nxb6 Nd2 42.Ra1 Rxc3 43.Ng3 Rc2
44.Nd7+ Ke7 45.Nxe5 Ke6 46.Nc6 Nf3+ 47.Kh1 Rxf2 48.Nf1 Rg2 49.Nd8+ Ke7  0-1

[Event "9th Open"]
[Site "Creon FRA"]
[Date "2004.08.08"]
[Round "9"]
[White "Jaureguiberry,C"]
[Black "Tihonov,J"]
[Result "0-1"]
[WhiteElo "2180"]
[BlackElo "2447"]

1.e4 c5 2.Nf3 d6 3.d4 cxd4 4.Nxd4 Nf6 5.Nc3 a6 6.g3 e5 7.Nde2 Be6 8.Bg2 Nbd7
9.h3 b5 10.g4 Rc8 11.Ng3 b4 12.Nd5 Bxd5 13.exd5 Qc7 14.g5 Ng8 15.Be4 Ne7
16.Be3 h6 17.h4 g6 18.Qd2 hxg5 19.hxg5 Rxh1+ 20.Nxh1 Nf5 21.O-O-O Nxe3 22.Qxe3 Be7
23.Ng3 Qd8 24.Kb1 Bxg5 25.Qa7 Qb6 26.Qxb6 Nxb6 27.Bd3 a5 28.Ne4 Be7 29.Rh1 Kf8
30.Ba6 Rc7 31.Rh8+ Kg7 32.Rb8 Nxd5 33.Rb5 Ra7  0-1

[Event "ch-Arab w"]
[Site "Dubai UAE"]
[Date "2004.08.11"]
[Round "9"]
[White "Al Rufei,EH"]
[Black "Toubal,W"]
[Result "1-0"]
[WhiteElo "2109"]
[BlackElo "1966"]

1.e4 c5 2.Nf3 d6 3.d4 cxd4 4.Nxd4 Nf6 5.Nc3 a6 6.g3 e6 7.Bg2 Be7 8.O-O Qc7
9.a4 Nc6 10.Nde2 O-O 11.h3 b6 12.f4 Bb7 13.g4 Rac8 14.Ng3 Na5 15.f5 d5 16.e5 Qxe5
17.Bf4 Bc5+ 18.Kh2 Qd4 19.Qe1 Qb4 20.fxe6 d4 21.Bxb7 Nxb7 22.g5 dxc3 23.bxc3 Qc4
24.exf7+ Rxf7 25.gxf6 Rxf6 26.Qe4 Qxe4 27.Nxe4 Re6 28.Rae1 Rce8 29.Nxc5 Nxc5
30.Rxe6 Rxe6 31.a5 b5 32.Rf2 Re4 33.Bd6 Ra4 34.Bxc5 Rxa5  1-0

[Event "Knjaz Milos Jezero Open"]
[Site "Belgrade SCG"]
[Date "2004.08.19"]
[Round "3"]
[White "Vrbljanac,T"]
[Black "Ravic,N"]
[Result "1-0"]
[WhiteElo "2198"]
[BlackElo "2041"]

1.e4 c5 2.Nf3 d6 3.d4 cxd4 4.Nxd4 Nf6 5.Nc3 a6 6.g3 e5 7.Nb3 Nbd7 8.Bg2 Be7
9.O-O b5 10.Be3 Nb6 11.a4 b4 12.Bxb6 Qxb6 13.a5 Qc7 14.Na4 Nd7 15.Re1 O-O
16.Bf1 Bb7 17.Qd2 Rab8 18.Bh3 Bc6 19.Bxd7 Bxd7 20.Nb6 Be6 21.Qd3 Kh8 22.Nd2 f5
23.Rad1 Rbd8 24.Ndc4 Rf7 25.Ne3 fxe4 26.Qxa6 Rdf8 27.Re2 Qc5 28.Nbd5 Bd8
29.Qc4 Qxc4 30.Nxc4 Bg4 31.Rde1 Bxe2 32.Rxe2 Be7 33.Nxb4 Ra8 34.Nd5 Bf8 35.b4 Rb7
36.Ncb6 Ra6 37.c4 Be7 38.Rxe4 Bd8 39.f4 Bxb6+ 40.Nxb6 Raxb6 41.axb6 Rxb6
42.fxe5 Rxb4 43.exd6  1-0

[Event "Knjaz Milos Jezero Open"]
[Site "Belgrade SCG"]
[Date "2004.08.25"]
[Round "9"]
[White "Mikicic,Du"]
[Black "Ravic,N"]
[Result "1/2-1/2"]
[WhiteElo "2221"]
[BlackElo "2041"]

1.e4 c5 2.Nf3 d6 3.d4 cxd4 4.Nxd4 Nf6 5.Nc3 a6 6.g3 e5 7.Nb3 Nbd7 8.Bg2 Be7
9.O-O b5 10.a3 Bb7 11.Be3 Nb6 12.Na5 Qc7 13.Bxb6 Qxb6 14.Nxb7 Qxb7 15.Qd3 Rc8
16.h3 O-O 17.g4 h6 18.Ne2 Rfd8 19.Rfd1 Qc7 20.c3 Qc4 21.Ng3 Qxd3 22.Rxd3 g6
23.Rad1 Nd7 24.Nf1 Nc5 25.Rd5 Na4 26.R5d2 Rc6 27.Ne3 Nb6 28.Nd5 Nxd5 29.Rxd5 Bg5
30.Bf1 Kf8 31.Kg2 Ke7 32.Kf3 Rc5 33.c4 bxc4 34.Rxc5 dxc5 35.Rxd8 Kxd8 36.Bxc4 Bc1
37.Bxa6 Bxb2 38.a4 f6 39.Ke2 Kc7 40.Kd3 Kb6 41.Bb5 Bd4 42.f3 h5 43.g5 fxg5  1/2-1/2

[Event "TCh-SCG Men"]
[Site "Budva SCG"]
[Date "2004.09.10"]
[Round "3"]
[White "Aleksic,Nen1"]
[Black "Marjanovic,Slavo"]
[Result "1/2-1/2"]
[WhiteElo "2395"]
[BlackElo "2470"]

1.e4 c5 2.Nf3 d6 3.d4 cxd4 4.Nxd4 Nf6 5.Nc3 a6 6.g3 e5 7.Nde2 Nbd7 8.a4 b6
9.Bg2 Bb7 10.h3 Be7 11.g4 Nc5 12.Ng3  1/2-1/2

[Event "TCh-SCG Women"]
[Site "Budva SCG"]
[Date "2004.09.13"]
[Round "6"]
[White "Milic,S"]
[Black "Benderac,A"]
[Result "0-1"]
[WhiteElo "2247"]
[BlackElo "2299"]

1.e4 c5 2.Nf3 d6 3.d4 cxd4 4.Nxd4 Nf6 5.Nc3 a6 6.g3 e5 7.Nde2 Qc7 8.Bg2 b5
9.a3 Bb7 10.O-O Nbd7 11.Bg5 Be7 12.Qd2 O-O 13.h3 h6 14.Bxf6 Nxf6 15.g4 Rfd8
16.Ng3 Rac8 17.Nf5 Bf8 18.g5 Nh5 19.gxh6 g6 20.Qg5 Nf4 21.Kh2 Kh7 22.Bf3 gxf5
23.Rg1 Bxh6 24.Qxf5+ Ng6 25.h4 Qd7 26.Bg4 Qxf5 27.Bxf5 Rxc3 28.bxc3 Bf4+
29.Kh1 Kh6 30.Rg4 Ne7 31.Kg1 Nxf5 32.exf5 Bf3  0-1

[Event "Tatry Open"]
[Site "Tatranske Zruby SVK"]
[Date "2004.09.26"]
[Round "2"]
[White "Novak,Mic"]
[Black "Vojtek,V"]
[Result "0-1"]
[WhiteElo "2163"]
[BlackElo "2338"]

1.e4 c5 2.Nf3 d6 3.d4 cxd4 4.Nxd4 Nf6 5.Nc3 a6 6.g3 e5 7.Nde2 Be7 8.Bg2 Nbd7
9.a4 b6 10.h3 Bb7 11.g4 O-O 12.O-O Rc8 13.Ng3 Nc5 14.g5 Ne8 15.h4 Ne6 16.Nf5 g6
17.Nxe7+ Qxe7 18.Be3 Nf4 19.Bf3 f6 20.Bxf4 exf4 21.Nd5 Bxd5 22.Qxd5+ Kg7
23.c3 fxg5 24.Qd4+ Kh6 25.hxg5+ Qxg5+ 26.Kh2 Rc5 27.Rh1 Qe5 28.Rad1 Rf6 29.Qxe5 Rxe5
30.Rd4 a5 31.Bg4 Rf7 32.Be2 Rfe7 33.Kg2+ Kg7 34.Kf3 g5 35.Bb5 Nf6 36.Bc6 R7e6
37.Rhd1 Rc5 38.Bb5 Rce5 39.Bc6 Rc5 40.Bb5 h5 41.Rxd6 g4+ 42.Kxf4 Rxe4+ 43.Kg3 Rf5
44.Bc6 Re2 45.Rf1 Rxb2 46.f3 Rc2 47.Bd7 Ne4+ 48.fxe4 Rxf1 49.e5 Re1  0-1